000 01031nam a2200361 a 4500
003 AR-BaBNM
005 20251128204536.0
008 082120s2002 ||||||||||||||000 | spa||
040 _cAR-BaBNM
100 1 _aAntoni, Adolfo P.
245 0 0 _aLa educación en Tucumán
_by páginas olvidadas : 1898
260 _aTucumán
_bMis días felices
_c1993
300 _a118 p.
_bil.
650 4 _aHISTORIA DE LA EDUCACION
650 4 _aHISTORIA TUCUMANA
650 4 _aESTADO Y EDUCACION
650 4 _aORGANIZACION DE LA EDUCACION
650 4 _aSOLUCION DE PROBLEMAS
650 4 _aFILOSOFIA DE LA EDUCACION
650 4 _aPROGRAMAS DE ENSEÑANZA
650 4 _aEVALUACION
650 4 _aPLAN DE ESTUDIOS
650 4 _aREFORMA DE LA EDUCACION
650 4 _aMATERIAL Y EQUIPO DIDACTICOS
650 4 _aVALORES MORALES
650 4 _aENSEÑANZA INDUSTRIAL
651 4 _aArgentina
653 _aPROBLEMAS EDUCATIVOS
653 _aEDUCACION PRIMARIA
653 _aLEGISLACION EDUCATIVA
942 _cBK
998 _cEthel
999 _c7842
_d7842